<?xml version="1.0" encoding="UTF-8"?><?xml-stylesheet type="text/xsl" href="static/style.xsl"?><OAI-PMH xmlns="http://www.openarchives.org/OAI/2.0/" xmlns:xsi="http://www.w3.org/2001/XMLSchema-instance" xsi:schemaLocation="http://www.openarchives.org/OAI/2.0/ http://www.openarchives.org/OAI/2.0/OAI-PMH.xsd"><responseDate>2026-06-03T08:20:52Z</responseDate><request verb="GetRecord" identifier="oai:riuma.uma.es:10630/32376" metadataPrefix="marc">https://riuma.uma.es/rest/oai/request</request><GetRecord><record><header><identifier>oai:riuma.uma.es:10630/32376</identifier><datestamp>2026-02-03T11:01:37Z</datestamp><setSpec>com_10630_2254</setSpec><setSpec>col_10630_37953</setSpec></header><metadata><record xmlns="http://www.loc.gov/MARC21/slim" xmlns:dcterms="http://purl.org/dc/terms/" xmlns:doc="http://www.lyncode.com/xoai" xmlns:xsi="http://www.w3.org/2001/XMLSchema-instance" xsi:schemaLocation="http://www.loc.gov/MARC21/slim http://www.loc.gov/standards/marcxml/schema/MARC21slim.xsd">
   <leader>00925njm 22002777a 4500</leader>
   <datafield ind2=" " ind1=" " tag="042">
      <subfield code="a">dc</subfield>
   </datafield>
   <datafield ind2=" " ind1=" " tag="720">
      <subfield code="a">Leyva-Fernández, Laura</subfield>
      <subfield code="e">author</subfield>
   </datafield>
   <datafield ind2=" " ind1=" " tag="720">
      <subfield code="a">Torres-Jaén, María Josefa</subfield>
      <subfield code="e">author</subfield>
   </datafield>
   <datafield ind2=" " ind1=" " tag="720">
      <subfield code="a">Posadas, Sinforiano Jose</subfield>
      <subfield code="e">author</subfield>
   </datafield>
   <datafield ind2=" " ind1=" " tag="720">
      <subfield code="a">Blanca, Miguel</subfield>
      <subfield code="e">author</subfield>
   </datafield>
   <datafield ind2=" " ind1=" " tag="720">
      <subfield code="a">Besso, Guillermo</subfield>
      <subfield code="e">author</subfield>
   </datafield>
   <datafield ind2=" " ind1=" " tag="720">
      <subfield code="a">O'Valle, Francisco</subfield>
      <subfield code="e">author</subfield>
   </datafield>
   <datafield ind2=" " ind1=" " tag="720">
      <subfield code="a">García del Moral, Raimundo</subfield>
      <subfield code="e">author</subfield>
   </datafield>
   <datafield ind2=" " ind1=" " tag="720">
      <subfield code="a">Santamaría, Luis F</subfield>
      <subfield code="e">author</subfield>
   </datafield>
   <datafield ind2=" " ind1=" " tag="720">
      <subfield code="a">Juárez, Carlos</subfield>
      <subfield code="e">author</subfield>
   </datafield>
   <datafield ind2=" " ind1=" " tag="260">
      <subfield code="c">2000</subfield>
   </datafield>
   <datafield ind2=" " ind1=" " tag="520">
      <subfield code="a">Background Toxic epidermal necrolysis is a severe reaction with skin involvement induced by different drugs and other agents. The mechanisms implicated in the induction of the reaction are poorly understood.&#xd;
Objective To study the involvement of T lymphocytes and other immunocompetent cells in the peripheral blood, blister fluid, and affected skin of 3 patients who developed a severe reaction after receiving anticonvulsant medication.&#xd;
Methods Quantification of T lymphocytes expressing the skin homing receptor (cutaneous lymphocyte-associated antigen [CLA]) in peripheral blood, skin and skin blister fluid and assessment of other adhesion molecules, activation markers and inflammatory interleukins by flow cytometry, immunohistochemistry and RT-PCR.&#xd;
Results An increase in CD3+CLA+ cells paralleling the severity of the disease was observed in both peripheral blood and skin, tending to normalize as soon as patient’s condition improved. E-selectin was detected in endothelial vessels in parallel with CLA expression on lymphocytes. An overexpression of TNF-, IFN- and IL-2 was also observed in peripheral blood mononuclear cells. The expression of the different markers changed over the course of the disease.&#xd;
Conclusions. These data show an increase in activated T cells expressing the skin-homing receptor in both tissue and peripheral blood accompanying clinical symptoms, with a recruitment of macrophages and an overexpression of cytokines. All these results suggest an important role for T cells in the production of toxic epidermal necrolysis.</subfield>
   </datafield>
   <datafield ind1="8" ind2=" " tag="024">
      <subfield code="a">Leyva L, Torres MJ, Posadas S, Blanca M, Besso G, O'Valle F, del Moral RG, Santamaría LF, Juárez C. Anticonvulsant-induced toxic epidermal necrolysis: monitoring the immunologic response. J Allergy Clin Immunol. 2000 Jan;105(1 Pt 1):157-65</subfield>
   </datafield>
   <datafield ind1="8" ind2=" " tag="024">
      <subfield code="a">https://hdl.handle.net/10630/32376</subfield>
   </datafield>
   <datafield ind1="8" ind2=" " tag="024">
      <subfield code="a">10.1016/s0091-6749(00)90191-x</subfield>
   </datafield>
   <datafield tag="653" ind2=" " ind1=" ">
      <subfield code="a">Piel</subfield>
   </datafield>
   <datafield tag="653" ind2=" " ind1=" ">
      <subfield code="a">Piel - Enfermedades</subfield>
   </datafield>
   <datafield ind2="0" ind1="0" tag="245">
      <subfield code="a">Anticonvulsant-induced Toxic Epidermal Necrolysis: Monitoring the Immunologic Response.</subfield>
   </datafield>
</record>
</metadata></record></GetRecord></OAI-PMH>